[Event "Sharjah Master 2024"]
[Site "Shsrjah - Abu Dhabi"]
[Date "2024.05.20"]
[Round "?"]
[White "Nguyen, Thai Dai Van"]
[Black "Yuffa, Daniil"]
[Result "1-0"]
[WhiteElo "2649"]
[BlackElo "2617"]
[PlyCount "123"]
[EventDate "2024.05.14"]
[EventCountry "UAE"]

{[%evp 9,123,19,22,19,28,28,38,18,15,14,18,23,50,60,62,66,61,43,80,87,80,82,88,87,114,103,118,114,107,81,98,71,69,71,87,82,85,85,83,83,87,82,87,76,86,81,86,82,85,78,89,71,96,82,82,37,43,16,16,18,36,37,43,59,53,5,5,5,20,6,11,0,0,0,6,0,0,0,1,1,1,0,0,3,368,336,359,359,473,451,479,480,479,479,474,472,460,459,1098,830,951,571,3433,687,2630,1342,1885,512,937,912,890,863,853,770,770,660]} 1. e4 c6 2. Nf3 d5 3. d3 dxe4 4. dxe4 Qxd1+ 5. Kxd1 Nf6 6. Nbd2 ({RR} 6. Nfd2 g5 7. a4 h5 8. Nc3 h4 9. h3 g4 10. hxg4 Bxg4+ 11. Ke1 (11. f3 $16) 11... Bg7 12. Bc4 h3 13. gxh3 Rxh3 $2 (13... Bh6 $14) 14. Rxh3 $2 (14. Rg1 $1 $18) 14... Bxh3 15. Nf3 Bg4 16. Ne5 Bh5 17. Bf4 Nbd7 18. Nd3 Ng4 19. a5 Nge5 20. Nxe5 Nxe5 {Niemann,H (2676)-Firouzja,A (2760) chess.com INT 2024 ½-½ (53)}) 6... g6 7. a4 b6 $146 ({RR} 7... Bg4 8. c3 Bxf3+ 9. gxf3 Bh6 $1 10. Nc4 Bxc1 11. Kxc1 Nbd7 12. Kd2 Nb6 13. a5 (13. Ke3 $11) 13... Nxc4+ $1 14. Bxc4 e5 15. b4 Ke7 16. Kc2 Rhd8 17. Rhd1 Nh5 18. b5 cxb5 19. Bxb5 Nf4 20. Rab1 Rxd1 21. Rxd1 Rd8 $1 22. Rb1 {Bartel,M (2651)-Petkidis,A (2429) Viernheim GER 2024 ½-½}) ({RR} 7... Bg7 8. Bc4 O-O 9. h3 a5 10. Ne1 (10. c3 $14) 10... b6 11. Nd3 Ba6 12. f3 (12. Bxa6 $14 Nxa6 13. Nc4) 12... b5 13. axb5 (13. Bb3 $15) 13... cxb5 14. Bb3 (14. Ba2 $17 e6 15. Nb3) 14... Nc6 $2 (14... a4 $1 $19 15. Ba2 Rd8) 15. Nc5 $2 ({Better is} 15. e5 $11 Ne8 16. Bd5) 15... Bc8 16. c3 Rd8 17. Ke2 Nd7 18. Nd3 (18. Bd5 $15 Nxc5 19. Bxc6) 18... Nde5 (18... Nb6 $19 {is more deadly.} 19. Nb1 b4) 19. Nf4 (19. Nxe5 $17 {was worth a try.} Nxe5 20. Bd5) 19... Ba6 20. Bd5 e6 21. Ba2 $2 (21. Bxc6 {was the only chance.} b4+ 22. Kf2 Nxc6 23. Nb1) 21... g5 22. Nh5 {Luke Brezmes,C (2067)-Gruca,M (2198) chess.com INT 2024 0-1 (55)}) 8. Ne5 {White is slightly better.} Bg7 9. Nd3 O-O 10. f3 Na6 11. c3 Ne8 12. Kc2 Nd6 13. Be2 e5 14. b3 f5 15. Nf2 Nc7 16. Nc4 Nxc4 17. Bxc4+ Be6 18. Bxe6+ Nxe6 19. Re1 Rad8 20. Nd3 fxe4 21. Rxe4 Rxd3 {[%mdl 64] Remove Defender, Decoy} 22. Kxd3 Nc5+ {[%mdl 64] Double Attack} 23. Ke2 Nxe4 24. fxe4 $16 {[%mdl 4096] Endgame KRB-KRB} Rb8 25. Be3 Bf6 26. b4 Kf7 27. a5 Ke6 28. axb6 axb6 29. Ra6 Bd8 30. Ra7 Be7 31. Ra6 Bd8 32. Ra7 $6 {Inaccuracy. Kd3 was best.} (32. Kd3 h5 33. c4 Kd7 34. Ra7+ Bc7 35. Kc3 Kc8 36. Bg5 Kd7 37. h3 Re8) 32... Be7 33. g3 b5 34. h4 Rd8 35. Bc5 Rd7 36. Ra6 Rc7 37. Ra8 Bxc5 38. bxc5 $11 {KR-KR} Rb7 39. Re8+ Kd7 40. Rxe5 Ra7 41. h5 Ra3 42. hxg6 hxg6 43. Kd2 b4 44. cxb4 {aiming for Rg5.} Rxg3 45. Ke2 Rb3 46. Rg5 Ke6 $4 {Blunder. Rxb4 was best.} (46... Rxb4 47. Kd3 Rb3+ 48. Kc4 Ra3 49. Rxg6 Ra4+ 50. Kd3 Ra3+ 51. Kd4 Ra4+) (46... Rxb4 $11 {and Black is okay.} 47. Kd3 (47. Rxg6 Rxe4+ 48. Kd3 Re1 $11) 47... Rb5) 47. Rxg6+ $18 Ke5 48. Rxc6 Rxb4 49. Kd3 $1 {White is clearly winning.} Rd4+ 50. Kc3 {Threatens to win with Re6+!} Rxe4 {[#] intending ...Kd5.} 51. Rd6 $1 Rh4 52. Kb3 Rg4 53. Rd8 Ke6 {[#]} (53... Rg1 $142 54. Kb4 Rc1) 54. c6 $1 {[%cal Bc5c6,Bc6c7][%mdl 32]} Rg7 55. Kb4 Ra7 56. Kc5 (56. Kb5 $142 Rh7 57. Kb6) 56... Ke7 57. Rd1 Ra2 $6 {Inaccuracy. Ra3 was best.} (57... Ra3 58. Kb6 (58. c7 $142 Rc3+ 59. Kb6)) 58. c7 Rc2+ 59. Kb6 Rb2+ 60. Kc6 {White wants to mate with Rc1.} Rc2+ 61. Kb7 Rb2+ 62. Kc8 {Accuracy: White = 83%, Black = 60%.} 1-0

[Event "Sharjah Master 2024"]
[Site "Shsrjah - Abu Dhabi"]
[Date "2024.05.20"]
[Round "?"]
[White "Mendonca, Leon Luke"]
[Black "Kuybokarov, Temur"]
[Result "1-0"]
[WhiteElo "2640"]
[BlackElo "2600"]
[PlyCount "67"]
[EventDate "2024.05.14"]
[EventCountry "UAE"]

{[%evp 9,67,14,34,29,38,31,34,26,30,31,38,10,0,0,12,-39,-35,-36,-39,-35,0,0,9,0,0,0,0,0,0,-15,31,-9,-14,-2,106,102,325,29,212,212,199,177,187,173,171,99,165,172,155,152,384,369,368,187,456,456,456,456,487,464]} 1. e4 e5 2. Nf3 Nc6 3. Bc4 Bc5 4. d3 d6 5. c3 Qf6 ({RR} 5... h6 6. b4 Bb6 7. a4 a5 8. b5 Nb8 $1 9. d4 exd4 (9... Bg4 $14) 10. cxd4 Nf6 11. Nc3 O-O 12. O-O Nxe4 (12... Re8 $16) 13. Nxe4 d5 14. Ba3 Re8 15. Nd6 $1 {[%cal Rd6e8]} cxd6 16. Bxd5 Nd7 17. Qb3 Qf6 18. Bxd6 Rd8 19. Ne5 Nxe5 20. dxe5 {Vidit,S (2722)-Kozak,A (2607) chess.com INT 2024 ½-½ (45)}) 6. a4 $146 ({RR} 6. Be3 Nge7 7. Nbd2 h6 8. b4 Bb6 9. a4 a5 10. Bxb6 cxb6 11. b5 Nb8 12. Nf1 Be6 13. Ne3 Nd7 14. d4 Bxc4 15. Nxc4 Qe6 16. Qd3 Rc8 17. Ncd2 (17. Ne3 $11 {keeps the balance.}) 17... O-O 18. O-O Rc7 19. c4 Ng6 20. g3 Qf6 {Pal,R (1960)-Bulford,M (2247) Harrogate ENG 2024 0-1 (50)}) ({RR} 6. Nbd2 Nge7 7. Nf1 Ng6 $2 {[%mdl 8192]} (7... Be6 $11) 8. Ng3 $2 (8. Bg5 $18 Qe6 9. Bxe6 Bxe6 10. Ng3) 8... Nf4 9. O-O Bg4 10. h3 (10. Nf5 $11) 10... Nxh3+ 11. gxh3 Bxf3 12. Qd2 $2 {[%mdl 8192]} (12. Bg5 $1 $17 {[%mdl 512]}) 12... h6 (12... Qh4 $142 {[%cal Rh4g3]} 13. Kh2 Bg4) 13. Kh2 O-O (13... g5 $19 {and Black stays clearly on top.} 14. b4 g4) 14. b4 Bb6 15. a4 a5 $1 16. b5 (16. Nf5 $17 {keeps fighting.}) 16... Ne7 17. Bb3 Ng6 18. Nf5 Nh4 19. Nxh4 $2 (19. Rg1 $17 Nxf5 20. exf5) 19... Qxh4 20. d4 exd4 {Hemam,M (1977)-Garcia Correa,J (2103) chess.com INT 2024 0-1 (55)}) ({RR} 6. Be3 Nge7 7. h3 (7. Qe2 $11) 7... h6 (7... Bxe3 $15 8. fxe3 Qg6) 8. Nbd2 a6 9. Bxc5 dxc5 10. a3 O-O 11. Qe2 Rd8 12. Rd1 b6 13. Nf1 Ng6 14. g3 $1 Na5 15. Ba2 Be6 16. Bxe6 Qxe6 17. Ne3 Rd7 18. h4 Rad8 19. O-O Nb7 20. b4 a5 {Demchenko,A (2609)-Sattarov,B (2353) Samarkand UZB 2023 0-1 (57)}) 6... a6 7. b4 Ba7 8. O-O {White is slightly better.} Nge7 9. Bg5 Qg6 10. Nbd2 Bh3 11. gxh3 h6 {[%mdl 64] Pin} 12. h4 {And now h5 would win.} (12. Nh4 $5 {[%cal Rh4g6]} Qxg5+ {[%mdl 64] Double Attack} 13. Ng2 $11) 12... hxg5 13. Nxg5 Nd8 $1 {aiming for ...f6.} 14. Kh1 $1 Rxh4 15. Rg1 Qf6 (15... Bxf2 $6 16. Rg2 $16) 16. Ndf3 Rh5 17. d4 $36 {[%mdl 2048] White has some pressure.} Ng6 $1 18. Rg3 Nf4 19. Qd2 Kf8 20. dxe5 dxe5 21. Rd1 Qd6 $2 {Mistake. a5 was best.} (21... a5 22. Qd7) (21... g6 $11 {remains equal.}) 22. Qc1 $16 (22. Qxd6+ cxd6 23. Rxd6 Bxf2 $17) 22... Qe7 $4 {[#] Blunder. Qf6 was best.} (22... Qf6 23. Rd7 Bxf2 24. Rg4 $1 Nh3 25. Kg2 Nxg5 26. Rxg5 Rxg5+ 27. Qxg5 Qxg5+ 28. Nxg5) (22... Qf6 $16) 23. Rg4 $4 {Blunder. Rd7 was best.} (23. Rd7 $1 {[%cal Rd7e7]} Qxd7 24. Nxe5 Qd6 25. Ngxf7 Nxf7 26. Qxf4 {[%csl Gc4,Ge5][%cal Rf4f7]} Rxh2+ 27. Kxh2 {[%csl Gc4,Ge5][%cal Rf4f7]} Qh6+ 28. Qxh6 Nxh6) (23. Rd7 $1 $18 {[%cal Rd7e7]} Qxd7 24. Nxe5 {[%mdl 64] Double Attack} Qxa4 25. Qxf4) 23... Qf6 $2 {Mistake. Bxf2 was best.} (23... Bxf2 24. Nxf7) (23... b5 $11 24. axb5 axb5 25. Bxb5 Qf6) 24. Rd7 $18 Nh3 25. Kg2 Nf4+ (25... Bxf2 $2 26. Nxh3 Rxh3 27. Qd1 $18) 26. Kf1 {Threatens to win with Bxf7.} Nh3 {[#] ...Rxg5! is the strong threat.} 27. Kg2 $1 Nf4+ ({Don't go for} 27... Bxf2 $2 28. Nxh3 Rxh3 29. Qd1 $18) (27... Nxf2 $2 28. Rg3 $18) (27... b5 $16 28. Bxf7 (28. Nxh3 Rxh3 29. Be2 Rh5 $14) (28. axb5 Nxg5 29. Rxg5 Rxg5+ 30. Qxg5 axb5 $16) 28... g6) 28. Kh1 Nh3 29. Rg3 Bxf2 $2 {Mistake. Nxg5 was best.} (29... Nxg5 30. Nxg5) (29... Nxg5 $16 30. Nxg5 g6) 30. Rxh3 Rxh3 31. Kg2 $2 {Mistake. Qd1 was best.} (31. Qd1 Rh5 32. Nxf7 $1 Bh4 33. Nxd8 Rxd8 34. Nxh4 Rxd7 35. Qxh5 Rd8 36. Ng6+ Ke8) (31. Qd1 $142) 31... Qh6 $4 {Blunder. Ke8 was best.} (31... Ke8 32. Nxh3 Kxd7 33. Nxf2 Ke8 34. Nd3 b5 35. axb5 axb5 36. Bxb5+ c6 37. Bc4) (31... Ke8 $142) 32. Qd2 {White is clearly winning.} (32. Kxf2 Rxh2+ 33. Nxh2 Qxh2+ 34. Kf3 f6 $18) 32... Bd4 33. cxd4 ({Less strong is} 33. Nxh3 Qxd2+ 34. Nxd2 Bxc3 $18) 33... Qh5 $6 {Inaccuracy. Rxf3 was best.} (33... Rxf3 34. dxe5 Nc6 35. Nxf3 Qxd2+ 36. Nxd2 Nxe5 37. Rxc7 Rd8 38. Nf3 Nxc4 39. Rxc4) 34. dxe5 {Accuracy: White = 73%, Black = 55%.} ({Weaker is} 34. Nxh3 Qg4+ 35. Kh1 Qxd7 $18) 1-0

[Event "Sharjah Master 2024"]
[Site "Shsrjah - Abu Dhabi"]
[Date "2024.05.20"]
[Round "?"]
[White "Mishra, Abhimanyu"]
[Black "Siddharth, Jagadeesh"]
[Result "1-0"]
[WhiteElo "2634"]
[BlackElo "2508"]
[PlyCount "139"]
[EventDate "2024.05.14"]
[EventCountry "UAE"]

{[%evp 16,139,16,0,0,0,6,12,25,8,9,9,29,20,41,47,47,49,57,38,55,45,54,42,153,0,-3,0,7,8,14,12,8,11,14,9,31,0,1,4,2,0,1,1,7,1,4,3,4,2,2,0,4,5,9,7,14,12,13,13,13,13,14,17,18,15,13,13,13,16,45,23,20,19,20,6,4,2,9,13,17,10,28,27,26,24,32,23,25,23,27,27,33,37,67,64,49,25,25,9,84,62,55,34,291,3,5,0,0,0,0,0,453,402,529,528,580,710,691,691,700,696,596,550,689,672]} 1. e4 e6 2. d4 d5 3. Nd2 c5 4. Ngf3 cxd4 5. Nxd4 Nf6 6. exd5 Nxd5 7. c3 ({RR} 7. Ne4 Be7 8. Qg4 O-O 9. Bh6 Bf6 10. Nxf6+ Qxf6 11. Bg5 Qe5+ 12. Be2 f5 13. Qh4 f4 14. O-O-O h6 15. Nf3 Qxe2 16. Bxh6 Qe4 17. Bxg7 Kxg7 18. Rxd5 Qxd5 19. Qg4+ Kh6 20. Qh4+ Qh5 21. Qe7 Rf7 {Nepomniachtchi,I (2769)-Livaic,L (2557) chess.com INT 2024 0-1 (75)}) ({RR} 7. N2f3 Qc7 8. c3 a6 9. Bd3 Bd6 10. Be4 Nf6 11. Bc2 h6 12. O-O Bd7 13. Re1 Nc6 14. Nf5 Bf8 15. g3 g5 16. Nxg5 hxg5 17. Bxg5 Ng8 18. Qd2 f6 19. Nd6+ Bxd6 20. Bg6+ Ke7 21. Bh4 Rh6 {Dubnevych,M (2293)-Klimkowski,J (2531) chess.com INT 2024 0-1}) ({RR} 7. Bd3 Nb4 8. Bb5+ Bd7 9. a3 Nd5 10. c4 Nf6 11. N2f3 Be7 12. O-O O-O 13. Bf4 Nc6 14. Nxc6 bxc6 15. Ba4 Qb6 16. Ne5 Rfd8 17. Qf3 Rac8 18. Rfd1 Be8 19. b4 a5 20. Rxd8 Bxd8 21. bxa5 Qxa5 {Mishra,A (2626)-Mendonca,L (2626) Saint Louis USA 2024 ½-½ (57)}) 7... Be7 $146 ({RR} 7... Bc5 8. N2f3 O-O 9. Bd3 e5 10. Nxe5 Qe7 11. Qe2 Re8 12. Nef3 Qd8 13. Be3 Nf4 14. Qf1 Bxd4 15. Nxd4 Qd5 16. Bc4 Nxg2+ 17. Kd2 Qe4 18. Rg1 Bh3 19. Bd3 Qd5 20. Bc4 Qe4 21. Bd3 Qd5 22. Bc4 {Csonka,B (2469)-Grigoriants,S (2562) Mako 2023 ½-½}) 8. N2f3 O-O 9. Bd3 Nc6 10. O-O Nxd4 11. Nxd4 Bf6 {The position is equal.} 12. Qh5 {[%csl Gd3][%cal Rh5h7]} g6 13. Qf3 Bxd4 14. cxd4 Qh4 15. Re1 Bd7 16. Re4 Qe7 17. Bh6 Rfe8 18. Rae1 Bc6 19. Qg3 Nb4 $2 {Mistake. Rad8 was best.} (19... Rad8) (19... Rad8 $14) 20. Rg4 $4 {Blunder. Rxe6 was best.} (20. Rxe6 $1 Qxe6 21. Rxe6 Rxe6 22. Bf1 Nd5 23. f3 Rae8 24. Bc4 b5 25. Bd3 Nb4) ({White has to play} 20. Rxe6 $1 $16 Qxe6 21. Rxe6 Rxe6 22. Bf1) 20... Nxd3 $11 21. Qxd3 Qb4 22. Qe2 {Threatens to win with d5!} Qb5 23. Qe5 Qxe5 24. dxe5 Bd5 25. a3 Rac8 26. Bd2 Red8 27. Bc3 Rc4 28. Rxc4 Bxc4 {[%mdl 4096] Endgame KRB-KRB} 29. h4 h5 30. Kh2 Bd5 31. Kg3 Rc8 32. f3 Rc4 33. Rd1 a6 34. Rd2 Kf8 35. Bd4 Ke8 36. Kf4 Kf8 37. Kg5 Kg7 38. Bc3 Rc6 39. Rd4 Rc4 40. Rd1 Rc6 41. Rd2 Rc4 42. Rd3 Kh7 43. g4 hxg4 44. fxg4 Re4 45. h5 gxh5 46. gxh5 Re2 47. Kf6 Rf2+ 48. Ke7 Rf5 49. Rh3 Bf3 50. h6 Bh5 51. Kd6 Kxh6 52. Kc7 Kg5 53. Kxb7 Be2 54. a4 Bd1 55. a5 Be2 $1 56. Rh2 Bf1 57. Rh8 Kg6 $2 {Mistake. f6 was best.} (57... f6 58. Rg8+) (57... f6 $11) 58. Rg8+ $6 {Inaccuracy. Re8 was best.} (58. Re8 Kg5 59. Re7 Kf4 60. Kb6 Ke4 {[#]} 61. Ra7 $1 f6 62. Rxa6 Bxa6 63. Kxa6 fxe5) 58... Kh7 59. Rd8 f6 $4 {Blunder. Rg5 was best.} (59... Rg5 $1 60. Rd1 Bb5 61. Rh1+ Kg8 62. Rh4 Rg1 63. Rb4 Be2 64. Rb6 Rg7 $1 65. Kc6) (59... Rg5 $1 $14) 60. Rd6 $4 {Blunder. exf6 was best.} (60. exf6 e5 {[#]} 61. Rd6 $1 {[%cal Rd6e6]} e4 62. Re6 Bd3 63. Kc7 Rf3 64. Bd4 Kg8 65. Re7 Kf8) (60. exf6 $18 {And now Rd7+ would win.} e5 61. Re8) 60... fxe5 61. Rxa6 {Black must now prevent Rd6.} Rf7+ 62. Kb6 {Hoping for Ra8.} Bxa6 63. Kxa6 {KR-KB} Kg6 $4 {Blunder. e4 was best.} (63... e4 64. Kb6 Rf3 $1 65. a6 Rxc3 $1 66. bxc3 e3 67. a7 e2 68. a8=Q e1=Q 69. Qa3) (63... e4 $11 {and Black is okay.}) 64. Kb6 $18 Kf5 65. a6 {[%cal Ba5a6,Ba6a7][%mdl 32] White is clearly winning.} Ke4 66. a7 Rf8 67. Kb7 Rf7+ 68. Ka6 Rf8 69. b4 {[%cal Bb2b4,Bb4b5][%mdl 32] Strongly threatening b5.} Kd5 70. b5 {Accuracy: White = 81%, Black = 75%.} 1-0

[Event "Sharjah Master 2024"]
[Site "Shsrjah - Abu Dhabi"]
[Date "2024.05.20"]
[Round "?"]
[White "Puranik, Abhimanyu"]
[Black "Iniyan, Pa"]
[Result "1-0"]
[WhiteElo "2629"]
[BlackElo "2493"]
[PlyCount "67"]
[EventDate "2024.05.14"]
[EventCountry "UAE"]

{[%evp 13,67,28,58,43,64,72,71,68,66,27,24,-74,0,1,26,-13,1,-7,35,40,71,19,19,23,16,7,266,231,346,346,346,346,341,341,341,341,318,318,574,567,707,658,933,924,29993,888,886,882,821,821,820,820,820,820,820,819]} 1. e4 c5 2. Nf3 d6 3. d4 cxd4 4. Nxd4 Nf6 5. Nc3 a6 6. h3 e6 7. g4 b5 8. g5 ({RR} 8. Bg2 Bb7 9. Qe2 Be7 10. g5 Nfd7 11. h4 Qc7 (11... b4 $15 12. Nd1 Nc6 13. Nxc6 Bxc6) 12. Be3 (12. a3 $142) 12... Nc6 (12... b4 $5 {[%cal Rb4c3]} 13. Nd1 Nc6 $11) 13. Nxc6 Bxc6 14. Qd3 Ne5 15. Qd4 O-O 16. h5 Rfe8 17. f4 Nc4 18. h6 ({White should try} 18. O-O-O $15) 18... Bf8 (18... e5 $19 {and Black stays clearly on top.} 19. Qd3 Nxb2) 19. O-O-O Nxe3 20. Qxe3 g6 21. Qd3 $2 (21. Rd2 $11 {and White stays safe.}) 21... Rac8 (21... b4 $1 $19 22. Ne2 Bb5) 22. Rhe1 b4 {Al Tarbosh,W (2278)-Offermann,F (2075) chess.com INT 2024 0-1 (43)}) 8... Nfd7 9. a3 Bb7 10. Be3 {White is better.} Nb6 $146 ({RR} 10... Be7 11. h4 Nc6 12. Rg1 Rc8 13. Nxc6 Rxc6 14. Qd4 O-O 15. O-O-O Qa8 16. h5 Rfc8 17. Bd2 Ne5 18. h6 Bf8 19. Rg3 $1 Nc4 20. f4 e5 (20... Nxd2 $16 {is a better defense.} 21. Rxd2 Rc5) 21. Qf2 $1 Nxd2 22. Rxd2 exf4 23. Qxf4 Rc5 (23... R6c7 $16 {was called for.} 24. Rgd3 Re8) 24. Rf3 $2 (24. Bh3 $1 $18 {and the rest is easy.} R8c7 25. Rgd3) 24... R8c7 25. Nd5 {Pingin,A (2419)-Korobov,A (2672) Samarkand UZB 2023 ½-½}) 11. f4 N8d7 $1 12. f5 $6 {[#] Inaccuracy. Qd2 was best.} (12. Qd2 Rc8 13. O-O-O d5 14. f5 e5 15. Ndxb5 Nc4 16. Bxc4 $1 Rxc4 17. Nxd5 axb5) (12. Qd2 $11 {remains equal.}) 12... exf5 $6 {Inaccuracy. e5 was best.} (12... e5 $1 13. Ndxb5 axb5 14. Bxb5 Qc7 15. Qd3 Rc8 16. O-O-O Nc4 17. Bd2 Nxd2 18. Qxd2) (12... e5 $1 $17 {[%cal Re5d4]} 13. Nf3 Rc8) 13. Nxf5 $11 {And now Qd4 would win.} Ne5 $1 14. Bxb6 Qxb6 15. Nd5 $132 {[%mdl 2048] White is fighting back} Qd8 $6 {Inaccuracy. Bxd5 was best.} (15... Bxd5 16. Qxd5) (15... Bxd5 $5 16. Qxd5 Rd8 $11) 16. h4 h6 17. gxh6 $6 {Inaccuracy. a4 was best.} (17. a4 Bxd5 (17... b4 $142) 18. Qxd5 g6 19. Nd4 Bg7 20. h5 O-O 21. gxh6 Bf6 $1 22. Be2 Rc8) 17... g6 $1 {[%cal Rg6f5]} 18. Ng7+ Kd7 19. Bh3+ Kc6 $4 {[#] Blunder. f5 was best.} (19... f5 $1 20. Nxf5 $1 Bxd5 21. Ng7+ Kc7 22. Qxd5 Qxh4+ 23. Kd1 Bxg7 $1 24. hxg7 Qh5+ 25. Kc1) (19... f5 $1 $11 {and Black is okay.}) 20. c4 $1 $18 {[%cal Rc4b5] Black must now prevent cxb5+.} Qxh4+ (20... Bc8 {might work better.}) 21. Kf1 Qxe4 22. cxb5+ axb5 23. Rc1+ Nc4 24. Bg2 Qe5 25. Qb3 {Intending Rxc4+ and mate.} Ra4 $2 {Mistake. Qd4 was best.} (25... Qd4 26. Nc3+ Kc7 27. Nxb5+ Kd8 28. Nxd4 Nd2+ 29. Kf2 Nxb3 30. Bxb7 Rb8 31. Nc6+) (25... Qd4 $142 26. Nc3+ {[%mdl 64] Discovered Attack} Kc7 27. Nxb5+ {[%mdl 64] Double Attack} Kd8 28. Qxc4 (28. Bxb7 Qf4+ {[%mdl 64] Double Attack} 29. Ke2 Qd2+ {[%mdl 64] Double Attack} 30. Kf3 Qxc1 $14) (28. Ne6+ fxe6 29. Nxd4 Nd2+ 30. Kf2 Nxb3 $14) 28... Qxc4+ 29. Rxc4 d5) 26. Rh4 ({Less strong is} 26. Qf3 Kd7 $16) 26... Bxg7 $6 {Inaccuracy. Kd7 was best.} (26... Kd7 27. Rhxc4 Bxd5 28. Bxd5 Rxc4 29. Qxb5+ Ke7 30. Qxc4 Bxg7 31. Re1 Qxe1+ 32. Kxe1) 27. Rhxc4+ {[%mdl 64] Remove Defender} Rxc4 28. Rxc4+ bxc4 $2 {Checkmate is now unavoidable. Kd7 was best.} (28... Kd7 29. Qxb5+ Ke6 30. hxg7 Rg8 31. Qxb7 Qf5+ 32. Rf4 Qxf4+ 33. Nxf4+ Kf6 34. Kg1) 29. Qb6+ $4 {Lost forced checkmate sequence. Qa4+ was best.} (29. Qa4+ Kc5 30. Qa5+ Kd4 31. Qb6+ Kd3 32. Nb4+ Kd2 {[%csl Gd2][%cal Re5e1]} 33. Qf2+ Qe2+ 34. Qxe2+ Kc1) (29. Qa4+ $142 Kc5 30. Qa5+ Kd4 31. Qb6+ {[%mdl 64] Double Attack} Kd3 32. Nb4+ Kd2 33. Qf2+ {[%mdl 64] Double Attack} Qe2+ 34. Qxe2+ Kc1 35. Qc2#) 29... Kd7 {White is clearly winning.} 30. Qxb7+ Ke6 31. Qe7+ Kf5 32. hxg7 Rg8 $6 {Inaccuracy. Rb8 was best.} (32... Rb8 33. Qxf7+ Kg5 34. Ne7 Qf6+ 35. Qxf6+ Kxf6 36. g8=Q Rxg8 37. Nxg8+ Ke5 38. Nf6) 33. Bh3+ Ke4 34. Nf6+ {Accuracy: White = 80%, Black = 46%.} 1-0

[Event "Sharjah Master 2024"]
[Site "Shsrjah - Abu Dhabi"]
[Date "2024.05.20"]
[Round "?"]
[White "Martirosyan, Haik M."]
[Black "Royal, Shreyas"]
[Result "1-0"]
[WhiteElo "2678"]
[BlackElo "2463"]
[PlyCount "65"]
[EventDate "2024.05.14"]
[EventCountry "UAE"]

{[%evp 22,65,21,21,31,23,31,27,27,-1,3,3,5,7,40,32,39,49,49,37,130,123,229,220,202,210,201,201,463,453,477,475,475,471,549,440,503,489,496,489,489,488,480,483,536,537]} 1. e4 c5 2. Nf3 d6 3. d4 cxd4 4. Nxd4 Nf6 5. Nc3 Nc6 6. Bc4 Qb6 7. Nb3 e6 8. O-O Be7 9. Be3 Qc7 10. f4 a6 11. a4 b6 12. Bd3 Bb7 13. Qe1 O-O 14. Qg3 Nb4 {White has an edge.} 15. f5 Kh8 16. fxe6 fxe6 17. Nd4 Qd7 18. Qh3 Nxd3 19. cxd3 Bc8 20. Rac1 $36 {[%mdl 2048] White is pushing.} Qe8 (20... e5 $14 21. Qxd7 Bxd7) 21. Nxe6 $16 Bd8 $6 {Inaccuracy. Qf7 was best.} (21... Qf7 22. Ng5) (21... Qf7 $16) 22. Nxg7 $1 $18 Kxg7 {[#]} 23. Qg3+ $1 Qg6 24. Qxd6 Re8 $4 {Blunder. Ra7 was best.} (24... Ra7 25. e5) (24... Ra7 $142) 25. Nd5 {White is clearly winning.} Nh5 26. Bd4+ Kh6 27. Rc6 {[#] Hoping for Nc7.} Be6 28. Be3+ Kg7 29. Qe5+ Kg8 30. Bd4 {[%csl Gd4][%cal Re5h8]} Ng7 {If only Black now had time for ...Qg5....} 31. Nf6+ Bxf6 32. Rxf6 Qg4 {With the idea ...Bc4!} 33. h3 {Accuracy: White = 91%, Black = 50%.} 1-0

[Event "Sharjah Master 2024"]
[Site "Shsrjah - Abu Dhabi"]
[Date "2024.05.20"]
[Round "?"]
[White "Horvath, Dominik"]
[Black "Sevian, Samuel"]
[Result "1/2-1/2"]
[WhiteElo "2553"]
[BlackElo "2698"]
[PlyCount "44"]
[EventDate "2024.05.14"]
[EventCountry "UAE"]

1. e4 c5 2. Nf3 d6 3. d4 cxd4 4. Nxd4 Nf6 5. Nc3 Nc6 6. Bg5 a6 7. Qd2 e6 8. O-O-O Bd7 9. Kb1 Be7 10. f3 Nxd4 11. Qxd4 b5 12. h4 Qc7 13. g4 Rb8 $146 ({RR} 13... O-O 14. Bd3 b4 15. Ne2 Rfc8 16. h5 h6 17. Bc1 Bb5 18. g5 e5 19. Qe3 hxg5 20. Ng3 Nh7 21. Nf5 Bf6 22. Qe2 Nf8 23. h6 g6 24. Ne3 Bc6 25. Bc4 Kh7 26. Nd5 Bxd5 27. Bxd5 Rab8 28. Rdg1 {Kramnik,V (2753)-Korchmar,V (2438) chess.com INT 2024 1-0 (40)}) 14. Be3 b4 15. Ne2 Bb5 16. g5 Nh5 17. Nf4 $6 {Inaccuracy. c4 was best.} (17. c4 Qxc4) 17... Nxf4 18. Qxg7 Ng6 19. h5 Bf8 20. Qf6 Be7 21. Qg7 Bf8 22. Qf6 Be7 1/2-1/2

[Event "Sharjah Master 2024"]
[Site "Shsrjah - Abu Dhabi"]
[Date "2024.05.20"]
[Round "?"]
[White "Sadhwani, Raunak"]
[Black "Bharath Subramaniyam H"]
[Result "1/2-1/2"]
[WhiteElo "2654"]
[BlackElo "2544"]
[PlyCount "65"]
[EventDate "2024.05.14"]
[EventCountry "UAE"]

1. e4 e5 2. Nf3 Nc6 3. Bc4 Nf6 4. d3 Be7 5. O-O O-O 6. Re1 d6 7. a4 Na5 8. Ba2 c5 9. c3 Nc6 10. Na3 h6 11. Bd2 a6 12. h3 Rb8 $146 ({RR} 12... Bd7 13. Nc2 Be6 14. Ne3 Bxa2 15. Rxa2 Re8 16. Nh2 d5 17. Nhg4 dxe4 18. Nxf6+ Bxf6 19. dxe4 Bg5 20. b3 Re6 21. Nf5 Rg6 22. g3 Na5 23. Bxg5 Qxg5 24. h4 Qf6 25. Rd2 Re8 26. h5 Rg5 27. Rd6 {Nasuta,G (2585)-Gonda,L (2494) Czech Republic CZE 2024 1-0 (50)}) 13. d4 cxd4 14. cxd4 exd4 15. Nc2 d5 16. e5 Ne4 17. Ncxd4 $2 {Mistake. Bf4 was best.} (17. Bf4 d3 18. Qxd3 Be6 19. Qe2 Bc5 20. Be3 Qb6 21. Bxc5 Nxc5 22. Ncd4 Qb4) 17... Nxd2 18. Qxd2 Bb4 19. Qe3 Bxe1 20. Rxe1 Re8 21. Bb1 Be6 22. Qd3 g6 23. Qe3 Kg7 24. g4 Rc8 25. Kg2 Qe7 26. Re2 $6 {Inaccuracy. Bd3 was best.} (26. Bd3 Bd7) 26... Rh8 27. Qf4 Nxd4 28. Nxd4 Rc4 29. Bd3 Rxd4 $4 {Blunder. Rb4 was best.} (29... Rb4 30. Rc2 Kh7 31. a5 Rc8 32. Rc3 Rxb2 33. Rxc8 Bxc8 34. h4 Rb4 35. h5) 30. Qxd4 h5 31. f3 Qh4 32. Re3 Rc8 33. Re2 1/2-1/2

[Event "Sharjah Master 2024"]
[Site "Shsrjah - Abu Dhabi"]
[Date "2024.05.20"]
[Round "?"]
[White "Can, Emre"]
[Black "Sargsyan, Shant"]
[Result "1/2-1/2"]
[WhiteElo "2549"]
[BlackElo "2637"]
[PlyCount "65"]
[EventDate "2024.05.14"]
[EventCountry "UAE"]

1. d4 e6 2. c4 b6 3. Nc3 Bb4 4. Bd2 Bb7 5. e3 Nf6 6. Nf3 O-O 7. Bd3 d5 8. cxd5 exd5 9. O-O Bd6 10. Rc1 c5 11. Ne5 $146 ({RR} 11. dxc5 bxc5 12. Nb5 Be7 13. b4 a6 14. Na3 cxb4 15. Nc2 a5 16. Ncd4 Nbd7 17. Nf5 Nc5 18. Be2 Nfe4 19. Be1 Bf6 20. N3d4 Rc8 21. f3 Nd6 22. Bg3 Bxd4 23. Nxd4 Nc4 24. Nf5 Qf6 25. e4 Nb2 {Yu Jiangwei (2300)-Lu,M (2372) New York USA 2024 0-1 (60)}) 11... Nc6 12. Nxc6 Bxc6 13. Nb5 c4 $6 {Inaccuracy. Bxb5 was best.} (13... Bxb5) 14. Nxd6 Qxd6 15. Bb1 b5 16. Qe1 Rfe8 17. f3 Qd8 18. Ba5 Qe7 19. Kf2 h5 $6 {Inaccuracy. Bd7 was best.} (19... Bd7 20. Qd2) 20. Qd2 g6 21. Rce1 Qd6 22. Kg1 Re6 23. a3 Rae8 24. Bb4 Qc7 25. Ba5 Qe7 26. Bb4 Qd7 27. Qf2 Qc7 28. Qd2 Bb7 29. Ba5 Qe7 30. Bb4 Qd7 31. Bc3 Qe7 32. Bb4 Qd7 33. Bc3 1/2-1/2